| 000 | 00601nam a2200193Ia 4500 | ||
|---|---|---|---|
| 003 | IN-BaIIA | ||
| 008 | 211028s9999 xx 000 0 eng d | ||
| 040 | _cIIA Library | ||
| 080 |
_a083:52 _bROW |
||
| 100 |
_aRowland, Henry A _92556 |
||
| 245 | 0 |
_aPreliminary table of solar spectrum wave-lengths _cHenry A Rowland |
|
| 260 |
_aChicago _bUniversity of Chicago Press _c1896 |
||
| 300 | _a392p. | ||
| 650 | _aArchives | ||
| 650 | _aAstronomy and Astrophysics Thesaurus | ||
| 650 | _aSolar Spectrum-Tables | ||
| 650 | _aTables-Solar Spectrum | ||
| 942 | _cBK | ||
| 999 |
_c1221 _d1221 |
||